000 00582nam a2200217Ia 4500
003 OSt
005 20220928141429.0
006 a|||||r|||| 00| 0
007 ta
008 220927b |||||||| |||| 00| 0 eng d
024 _a14902
037 _cTextual
040 _aSDCL
_cSDCL
_beng
041 _2eng
_aeng
082 _aV1:19(zQ)'N3, L6
100 _aMarks Sally
_9500058
245 0 _aIllusion of peace
_bInternational relations in Europe 1918-1933
260 _c1976
942 _hV1:19(zQ)'N3, L6
_cTEXL
_2CC
999 _c817311
_d817311